Statistics for Largest Cities In The Middle East

Click here to take the quiz!

General Stats

  • This quiz has been taken 3,285 times
  • The average score is 12 of 20

Answer Stats

PopulationAnswer% Correct
12,150,742Tehran
88%
13,854,740Istanbul
87%
7,216,040Baghdad
85%
9,120,350Cairo
85%
2,106,177Dubai
85%
6,800,000Riyadh
82%
3,405,000Tel Aviv
77%
4,965,542Ankara
74%
2,063,363Beirut
72%
2,125,000Amman
70%
4,532,174Alexandria
66%
2,900,000Mecca
63%
5,318,636Jeddah
57%
2,167,961Sana'a
52%
4,016,143Aleppo
44%
3,366,947Izmir
43%
2,523,705Isfahan
27%
3,069,941Mashhad
21%
3,628,062Gizeh
13%
2,086,000Karaj
2%

Score Distribution

Percentile by Number Answered

Percent of People with Each Score

Your Score History

You have not taken this quiz